[Event "Turkish Women-ch Arzum 2022"]
[Site "Ayvalik"]
[Date "2022.03.09"]
[Round "7.7"]
[White "Kayis, Gulcan Sena"]
[Black "Caglar, Sila"]
[Result "1/2-1/2"]
[WhiteElo "1597"]
[BlackElo "2200"]
[Annotator "TA"]
[PlyCount "131"]
[EventDate "2022.03.04"]
[EventType "swiss"]
[EventCountry "TUR"]
[SourceTitle "playchess.com"]
[Source "ChessBase"]
[SourceQuality "1"]

{[%evp 16,131,0,0,0,-7,-7,0,-7,0,0,0,0,0,0,-7,0,-27,-16,-17,-16,-32,-25,-29,-8,-50,-36,-92,-89,-82,-91,-93,-85,-133,-144,-133,-134,-128,-112,-135,-131,-129,-114,-165,-165,-165,-167,-167,-160,-162,-162,-166,-160,-150,-155,-188,-171,-164,-154,-156,-156,-165,-137,-137,-137,-254,-209,-294,-227,-270,-182,-158,-166,-239,-255,-470,-460,-437,-529,-824,-814,-758,-722,-705,-592,-758,-758,-1012,-963,-758,-758,-941,-768,-751,-751,-592,-103,-103,-102,-102,0,-103,-8,-8,-8,-8,-8,-8,-8,-8,-8,-8,0,0,0,0,0,0]} 1. e4 {[%cal Be2e4,Be4e5][%mdl 32]} c5 2. c3 Nf6 {[%cal Bg8f6,Bf6d5,Bd5b4][%mdl 32]} 3. e5 Nd5 4. d4 cxd4 5. cxd4 Nc6 6. Nf3 d6 7. Bc4 dxe5 8. dxe5 Ndb4 9. Qb3 e6 {B22: Sicilian: 2 c3.} 10. O-O Na5 11. Bb5+ Bd7 12. Qa4 Bxb5 13. Qxb5+ Nac6 {And now ...Nc2 would win.} 14. Nc3 (14. Qxb7 $2 Rb8 15. Bg5 Qa5 16. Qxb8+ Nxb8 $19) 14... a6 15. Qc4 {Rd1 is the strong threat.} (15. Qxb7 $2 Rb8 16. Bg5 Qa5 17. Qxb8+ Nxb8 $19) 15... Qd3 $36 {[%mdl 2048] Black is pushing.} 16. Qg4 h5 17. Qh4 Qf5 18. Rd1 Nxe5 19. Nxe5 Qxe5 {[#]} 20. Bf4 $146 (20. Bg5 $11) ({Predecessor:} 20. Bg5 f6 21. Bf4 Qf5 22. Bd6 Qg4 23. Qxg4 hxg4 24. Bxf8 Rxf8 25. Rd6 e5 26. Rb6 Nd3 27. Rxb7 Rf7 28. Rb3 Rd7 29. Nd1 Rad8 30. Ne3 Kf7 {½-½ (30) Lubas,J (2452)-Karason,A (2420) ICCF email 2009}) 20... Qf5 $1 $15 ({Don't play} 20... Qf6 21. Bg5 Qe5 22. a3 $16) 21. Qg3 (21. h3 $15) 21... Nc6 22. h4 Qg4 23. Qe3 {Strongly threatening Nd5.} Be7 24. Qb6 Qxf4 $17 25. Qxb7 {[#]} O-O $1 26. Qxc6 Qxh4 27. Rd7 Bf6 28. Re1 Rac8 29. Rc7 (29. Qxa6 $17 Bxc3 30. bxc3 Rxc3 31. a4) 29... Rxc7 $19 30. Qxc7 Qb4 31. Re2 Bxc3 32. bxc3 {[%mdl 4096] Endgame KQR-KQR} Qb1+ 33. Kh2 Qb8 34. Qxb8 Rxb8 $17 {KR-KR} 35. Re5 g6 36. Ra5 Rb6 37. Kg3 Rc6 38. c4 Rxc4 39. Rxa6 Kg7 40. Kf3 (40. f4 $17) 40... Kf6 41. Ra5 (41. g3 {was worth a try.}) 41... e5 42. Ra7 Ke6 43. Ke3 Rc2 44. g3 (44. a4 {might work better.}) 44... f6 $19 45. Ra5 $2 (45. a4 {was necessary.}) 45... Kf5 46. Kf3 g5 {[%cal Bg6g5,Bg5h4,Bh4h3][%mdl 32]} 47. Ra4 e4+ 48. Ke3 Rc3+ 49. Ke2 h4 50. gxh4 gxh4 51. Ra8 h3 {aiming for ...Rc2+.} 52. a4 Ra3 ({Not} 52... Rc2+ 53. Ke3 $17) 53. a5 Kf4 {( -> ...Ra2+)} ({Inferior is} 53... Ra2+ 54. Ke3 $19) 54. Rh8 {[#]} f5 $1 55. a6 {[#]} Ra2+ $2 (55... Kg5 $1 $19 56. a7 Ra2+ 57. Kf1 Rxa7 58. Rxh3 f4) 56. Ke1 $17 Kg4 57. Rg8+ Kf4 58. Rh8 e3 (58... Kg5 $17 59. Rxh3 Ra1+ 60. Ke2 f4) 59. Rh4+ $1 $11 {The position is equal.} Kg5 60. Rxh3 exf2+ 61. Kf1 Kg4 62. Rb3 f4 63. a7 f3 64. a8=Q Rxa8 65. Rxf3 Ra1+ 66. Kg2 {And White is the lucky defender.  Weighted Error Value: White=0.19 (very precise) /Black=0.18 (very precise)} 1/2-1/2

[Event "Turkish Women-ch Arzum 2022"]
[Site "Ayvalik"]
[Date "2022.03.09"]
[Round "7.8"]
[White "Sahin, Hayrun Nisa"]
[Black "Incecik, Seyma Zeynep"]
[Result "1/2-1/2"]
[WhiteElo "2014"]
[BlackElo "1777"]
[Annotator "ChessBase"]
[PlyCount "85"]
[EventDate "2022.03.04"]
[EventType "swiss"]
[EventCountry "TUR"]
[SourceTitle "playchess.com"]
[Source "ChessBase"]
[SourceQuality "1"]
[TimeControl "5400+30"]

1. g3 {[%emt 0:06:00]} d5 {[%emt 0:01:00]} 2. Bg2 {[%emt 0:00:30]} Nf6 {[%emt 0:00:30]} 3. Nf3 {[%emt 0:00:00]} c5 {[%emt 0:01:30]} 4. d3 {[%emt 0:00:00]} Nc6 {[%emt 0:00:30]} 5. O-O {[%emt 0:00:30]} Bg4 {[%emt 0:01:30]} 6. c3 {[%emt 0:00:00]} e6 {[%emt 0:00:30]} 7. Nbd2 {[%emt 0:00:00]} h6 {[%emt 0:01:30]} 8. Qc2 {[%emt 0:00:30]} Rc8 {[%emt 0:00:30]} 9. e4 {[%emt 0:01:30]} Be7 {[%emt 0:01:30]} 10. Re1 {[%emt 0:03:30]} O-O {[%emt 0:01:30]} 11. Nf1 {[%emt 0:03:30]} d4 {[%emt 0:06:30]} 12. h3 {[%emt 0:02:30]} Bxf3 {[%emt 0:03:30]} 13. Bxf3 {[%emt 0:00:00]} Ne5 {[%emt 0:01:30]} 14. Be2 {[%emt 0:07:00]} c4 {[%emt 0:02:30]} 15. Rd1 {[%emt 0:18:30]} cxd3 {[%emt 0:07:30]} 16. Bxd3 {[%emt 0:00:30]} Qa5 {[%emt 0:07:30]} 17. Bd2 {[%emt 0:22:30]} Nf3+ {[%emt 0:02:30]} 18. Kg2 {[%emt 0:00:30]} Nxd2 {[%emt 0:00:30]} 19. Nxd2 {[%emt 0:01:30]} dxc3 {[%emt 0:01:30]} 20. Nc4 {[%emt 0:01:30]} cxb2 {[%emt 0:06:30]} 21. Qxb2 {[%emt 0:06:30]} Qc7 {[%emt 0:02:30]} 22. Rac1 {[%emt 0:00:30]} Qb8 {[%emt 0:01:30]} 23. Rb1 {[%emt 0:01:30]} b6 {[%emt 0:01:30]} 24. e5 {[%emt 0:06:33]} Nd5 {[%emt 0:03:30]} 25. Rbc1 {[%emt 0:02:16]} b5 {[%emt 0:05:30]} 26. Na5 {[%emt 0:01:36]} a6 {[%emt 0:02:30]} 27. Qd4 {[%emt 0:03:02]} Qb6 {[%emt 0:13:30]} 28. Qxb6 {[%emt 0:06:40]} Nxb6 {[%emt 0:00:30]} 29. Nc6 {[%emt 0:00:00]} Ba3 {[%emt 0:00:30]} 30. Rc3 {[%emt 0:00:48]} Nc4 {[%emt 0:07:23]} 31. Be4 {[%emt 0:05:14]} Kh8 {[%emt 0:05:52]} 32. f4 {[%emt 0:00:28]} Bc5 {[%emt 0:01:34]} 33. Rd7 {[%emt 0:00:31]} Bb6 {[%emt 0:00:32]} 34. a4 {[%emt 0:00:41]} Na5 {[%emt 0:00:41]} 35. axb5 {[%emt 0:00:48]} axb5 {[%emt 0:00:30]} 36. Rc2 {[%emt 0:00:00]} Nxc6 {[%emt 0:01:10]} 37. Rxc6 {[%emt 0:00:00]} Rxc6 {[%emt 0:00:26]} 38. Bxc6 {[%emt 0:00:13]} b4 {[%emt 0:00:00]} 39. Rb7 {[%emt 0:00:00]} Bc5 {[%emt 0:00:03]} 40. Rb5 {[%emt 0:00:49]} Be7 {[%emt 0:00:11]} 41. Rb7 {[%emt 0:00:00]} Bc5 {[%emt 0:01:19]} 42. Rb5 {[%emt 0:00:00]} Be7 {[%emt 0:00:23]} 43. Rb7 {[%emt 0:00:00]} 1/2-1/2

[Event "Turkish Women-ch Arzum 2022"]
[Site "Ayvalik"]
[Date "2022.03.09"]
[Round "7.8"]
[White "Buyuk, Ecrin Efsa"]
[Black "Acarbay, Algi"]
[Result "0-1"]
[WhiteElo "1565"]
[BlackElo "1992"]
[Annotator "TA"]
[PlyCount "119"]
[EventDate "2022.03.04"]
[EventType "swiss"]
[EventCountry "TUR"]
[SourceTitle "playchess.com"]
[Source "ChessBase"]
[SourceQuality "1"]

{[%evp 14,119,0,-6,0,-14,0,-46,13,16,19,16,4,0,7,-25,-20,-28,-31,-84,-74,-85,-62,-106,-62,-116,-95,-108,-107,-119,-108,-146,-145,-160,-157,-172,-56,-94,-45,-118,-102,-100,-82,-151,-98,-91,0,-130,-43,-58,-37,-41,-32,-39,-11,-66,-67,-64,-43,-35,-36,-116,0,0,36,41,59,-28,-28,-28,-50,-209,-214,-212,-213,-212,-210,-210,-211,-211,-200,-206,-204,-198,-200,-387,-189,-188,-183,-214,-218,-231,-226,-263,-229,-250,-224,-1164,-520,-693,-682,-12834,-12831,-29988,-29989,-29989,-29990,-29990]} 1. e4 c5 2. Nf3 d6 3. Bb5+ Nd7 4. O-O a6 5. Bxd7+ Bxd7 6. d4 cxd4 7. Nxd4 Nf6 8. Re1 e6 {B51: Sicilian: Moscow Variation (3 Bb5+) without 3...Bd7.} 9. c4 Be7 10. Nc3 (10. a4 $11) 10... O-O (10... Rc8 $15) 11. b3 Rc8 {[%cal Ob7b5]} 12. Bb2 Qc7 13. Rc1 {[#]} Qb8 $146 ({Predecessor:} 13... Qa5 14. Nf3 b5 15. cxb5 axb5 16. a3 Bc6 17. e5 dxe5 18. Nxe5 Bb7 19. b4 Qb6 {0-1 (83) Perner,B (1727)-Dahl,C (2223) Playchess.com INT 2021}) 14. h3 b5 $1 15. cxb5 axb5 16. a3 (16. b4 $1 $15) 16... b4 $1 $17 17. axb4 Qxb4 18. Kh1 (18. Nb1 $15) 18... e5 (18... Ra8 $17 19. f4 Ra5) 19. Nf3 (19. Nf5 $1 $15 Bxf5 20. exf5) 19... Rb8 20. Nd2 Be6 21. Na2 Qb6 (21... Bxb3 $2 22. Nxb4 Bxd1 23. Nc6 $1 $18) 22. Re3 Nd7 $1 23. Rcc3 f5 24. exf5 Bxf5 (24... Rxf5 $19 25. Rf3 Rxf3 26. Rxf3 d5) 25. Nc4 $1 $15 Qa6 ({Black should play} 25... Qa7 $17 26. Ba3 Nf6) 26. Nc1 (26. Ba3 $1 $15) 26... Be6 27. Re2 Nc5 {[%cal Oc5b3]} 28. Qc2 (28. Ba3 $142) 28... Bf5 (28... Rfc8 $142 {[%cal Oc5b3] White must now prevent ...Nxb3!} 29. Nd2 Bg5) 29. Qd1 $17 Be6 {Black is more active.} 30. Qc2 $1 Kh8 (30... Rfc8 $17 {[%cal Oc5b3] aiming for ...Nxb3!} 31. Nd2 g6) 31. Nxe5 $1 $15 dxe5 (31... Bf5 $5 {[%cal Rf5c2]} 32. Ned3 Bf6 $17) 32. Rxc5 Bxc5 33. Qxc5 Qb5 34. Qd6 ({White should try} 34. Qe3 $11) 34... Qd5 35. Bxe5 Rbd8 36. Qe7 {[%csl Ge5][%cal Re7g7]} Rf7 {[%mdl 1024] Black has compensation. Really sharp!} 37. Qg5 {[#]} (37. Qh4 $1 $15) 37... Rg8 (37... Bxh3 $1 $17 38. Kh2 Bf5) 38. Kh2 $11 Rf5 39. Qe3 Bd7 40. Re1 ({Better is} 40. f4 $14) 40... Bc6 {[%csl Gc6][%cal Rd5g2]} 41. Qg3 Qd2 $40 {[%csl LRe1,LRf2][%mdl 128] Black attacks.} 42. Qe3 {White does not recover from this.} (42. f3 $1 $15) 42... Rxf2 $19 43. Qxd2 Rxd2 44. Ne2 Re8 45. Nf4 Kg8 {Hoping for ...g5.} 46. h4 Rf2 {[%cal Of2f4] And now ...Rxf4! would win.} 47. Kg3 Rc2 48. Re3 Rc5 49. Nd3 {[#]} (49. Bd4 Rxe3+ 50. Bxe3) 49... Rd5 (49... Rc3 $142 $3 {[%mdl 512]} 50. Kf2 Rxb3) 50. Kf4 Bb5 51. Nf2 Rd2 52. Kg3 Bc6 53. Re1 Rf8 54. Ne4 Rd3+ 55. Kg4 $2 (55. Kh2) 55... Re8 (55... Bd7+ $142 56. Kh5 Rf5+ 57. Ng5 h6 58. Bxg7 Kxg7 59. Re7+ Kf8 60. Rxd7 Rxd7) 56. Nf2 Bd7+ 57. Kf4 Rf8+ 58. Ke4 Bf5+ 59. Kf4 Bg6+ 60. Bf6 {Weighted Error Value: White=0.61/Black=0.31} 0-1

[Event "Turkish Women-ch Arzum 2022"]
[Site "Ayvalik"]
[Date "2022.03.09"]
[Round "7.9"]
[White "Gokbulut, Yulia"]
[Black "Akin, Duru"]
[Result "1-0"]
[WhiteElo "1902"]
[BlackElo "1563"]
[Annotator "TA"]
[PlyCount "57"]
[EventDate "2022.03.04"]
[EventType "swiss"]
[EventCountry "TUR"]
[SourceTitle "playchess.com"]
[Source "ChessBase"]
[SourceQuality "1"]

{[%evp 9,57,-8,10,9,51,27,60,69,91,87,125,120,122,127,91,40,100,84,141,80,172,43,104,97,212,191,200,197,322,324,331,325,430,377,398,387,385,378,447,319,603,569,1488,1480,29970,3066,29990,29991,29997,29998]} 1. d4 Nf6 2. c4 e6 3. Nc3 Bb4 4. e3 b6 5. f3 Bxc3+ 6. bxc3 {E43: Nimzo-Indian: Rubinstein: 4...b6.} d5 (6... d6 $11) 7. Bd3 Bb7 8. Ne2 {White is slightly better.} Nbd7 9. cxd5 exd5 10. O-O O-O 11. Ng3 Re8 {To avoid e4} 12. Bd2 {[#]} (12. Re1 $16) 12... a5 $146 ({Black should try} 12... c5 $14) ({Predecessor:} 12... c5 13. Nf5 Nf8 14. Qe1 Qc7 15. Qh4 Re6 16. g4 Ng6 17. Qh3 Rae8 18. g5 Nd7 {1-0 (31) Gislason,G (2325)-Thorfinnsson,B Reykjavik 1994}) 13. Qe2 $16 {Hoping for e4.} c5 (13... h5 $142) 14. Rab1 (14. e4 $142 $1) 14... Qc7 {[#]} (14... Rc8 $16) 15. Nf5 ({White should play} 15. e4 $1 $18) 15... Rad8 ({Better is} 15... g6 $14 16. Nh6+ Kg7) 16. Be1 {White is more active.} Nh5 (16... c4 $16) 17. Qd2 g6 {[#]} 18. g4 {[%cal Bg2g4,Bg4h5,Bh5h6][%mdl 32]} gxf5 (18... c4 $142) 19. gxh5 $18 f4 20. exf4 {[%cal Be3f4,Bf4f5][%mdl 32]} Nf6 21. h6 Kh8 22. Bh4 Rd6 23. f5 ({Less strong is} 23. Qg2 Rg8 24. Bg5 Ne8 $14) 23... c4 24. Bc2 Qc6 $2 (24... Nh5 25. Rfe1 Rg8+ 26. Kh1 f6) 25. Kh1 Ng8 26. Rg1 {Threatening mate with Qg5.} Nxh6 27. Rbe1 {White threatens f6 and mate.} Rxe1 28. Qxe1 f6 29. Qe7 {Weighted Error Value: White=0.31/Black=0.93} 1-0

[Event "Turkish Women-ch Arzum 2022"]
[Site "Ayvalik"]
[Date "2022.03.09"]
[Round "7.9"]
[White "Karatiken, Seray"]
[Black "Can, Isil"]
[Result "0-1"]
[WhiteElo "1717"]
[BlackElo "1875"]
[Annotator "NA"]
[PlyCount "60"]
[EventDate "2022.03.04"]
[EventType "swiss"]
[EventCountry "TUR"]
[SourceTitle "playchess.com"]
[Source "ChessBase"]
[SourceQuality "1"]
[TimeControl "5400+30"]

{[%evp 8,57,20,-14,16,20,32767,24,27,18,19,9,40,-2,6,0,0,0,0,-40,-28,-22,-14,-51,32767,-18,0,32767,-12,-16,0,0,17,-6,-29,-31,-13,-38,-24,-45,-12,-33,-2,-54,-43,-254,32767,32767,32767,-631,-692,-1438]} 1. d4 {[%emt 0:01:00]} d5 {[%emt 0:02:00]} 2. Nf3 {[%emt 0:00:30]} Nf6 {[%emt 0:01:30]} 3. c4 {[%emt 0:00:30]} e6 {[%emt 0:00:00]} 4. Qc2 {[%emt 0:00:30]} Nbd7 {[%emt 0:00:00]} 5. g3 {[%emt 0:00:30]} c6 {[%emt 0:01:30]} 6. Bg2 {[%emt 0:01:30]} Bd6 {[%emt 0:03:30]} 7. O-O {[%emt 0:03:30]} O-O {[%emt 0:00:00]} 8. b3 {[%emt 0:09:30]} e5 {[%emt 0:13:00]} 9. dxe5 {[%emt 0:06:30]} Nxe5 {[%emt 0:00:00]} 10. Bb2 {[%emt 0:03:30]} Nxf3+ {[%emt 0:04:00]} 11. Bxf3 {[%emt 0:00:30]} dxc4 {[%emt 0:00:00]} 12. bxc4 {[%emt 0:11:30]} Qe7 {[%emt 0:00:00]} 13. a4 {[%emt 0:11:30]} (13. Rd1 $11) 13... a5 {[%emt 0:03:30]} 14. Nd2 {[%emt 0:01:30]} Re8 {[%emt 0:03:30]} 15. Bd4 {[%emt 0:06:30]} (15. Rfd1 $11) 15... Be5 {[%emt 0:03:30]} 16. Bxe5 {[%emt 0:09:30]} Qxe5 {[%emt 0:00:30]} 17. Ra3 {[%emt 0:03:30]} Bf5 {[%emt 0:03:30]} 18. Qc3 {[%emt 0:03:30]} Qc5 {[%emt 0:09:30]} 19. Rb3 {[%emt 0:00:30]} Rab8 {[%emt 0:00:30]} 20. Qb2 {[%emt 0:01:30]} (20. Rb2 $1 $14) 20... b6 {[%emt 0:00:30]} 21. Qa3 {[%emt 0:01:30]} Qd4 {[%emt 0:02:30]} 22. Qb2 {[%emt 0:00:00]} Red8 {[%emt 0:01:30]} 23. Nb1 {[%emt 0:04:17]} Qxc4 {[%emt 0:04:30]} 24. Rxb6 {[%emt 0:00:37]} Nd7 {[%emt 0:00:30]} 25. Rb7 {[%emt 0:12:38]} Qxa4 {[%emt 0:03:30]} 26. Rc1 $2 {[%emt 0:03:07]} (26. Nc3 $15 Rxb7 27. Qxb7) 26... Rxb7 {[%emt 0:04:30]} 27. Qxb7 {[%emt 0:00:02]} Ne5 {[%emt 0:00:30]} 28. Bxc6 $2 {[%emt 0:01:40]} (28. Qe7 $17 Qd4 29. Nc3) 28... Nxc6 {[%emt 0:01:30]} 29. Qxc6 $19 {[%emt 0:02:46]} Qxc6 {[%emt 0:00:30]} 30. Rxc6 {[%emt 0:00:30]} Rd1+ {[%emt 0:00:00]} 0-1

[Event "Turkish Women-ch Arzum 2022"]
[Site "Ayvalik"]
[Date "2022.03.09"]
[Round "7.10"]
[White "Hereklioglu, Sude"]
[Black "Baloglu, Dila"]
[Result "1-0"]
[WhiteElo "1924"]
[BlackElo "1630"]
[Annotator "TA"]
[PlyCount "75"]
[EventDate "2022.03.04"]
[EventType "swiss"]
[EventCountry "TUR"]
[SourceTitle "playchess.com"]
[Source "ChessBase"]
[SourceQuality "1"]

{[%evp 18,75,48,0,19,25,46,52,64,58,56,54,72,22,70,81,78,58,63,30,78,82,79,77,66,48,48,55,136,62,70,59,66,57,71,73,69,0,0,0,46,34,531,522,897,887,1729,1687,29989,5289,1501,871,1891,851,29988,29989,29991,29991,29991,29992]} 1. Nf3 Nf6 2. g3 g6 3. Bg2 Bg7 4. O-O O-O 5. c4 d5 6. cxd5 Nxd5 7. Nc3 c6 {[%cal Bc7c6,Bc6c5][%mdl 32]} 8. d4 {[%cal Bd2d4,Bd4d5][%mdl 32]} Nxc3 9. bxc3 c5 10. e4 (10. Be3 $14) 10... Nc6 {[%cal Rc5d4] A16: English Opening: 1...Nf6 with ...d5.} 11. d5 {[#]} Ne5 $146 ({Predecessor:} 11... Na5 12. Bf4 b6 13. Qd3 Re8 14. e5 Bf5 15. Qe2 c4 16. Rfd1 Bd3 17. Qe3 Rc8 18. Ne1 {1-0 (36) Chapman,T (2279)-Mason,D (2222) England 2013}) 12. Nxe5 Bxe5 {White is slightly better.} 13. Qd3 Qa5 14. Bd2 b5 15. f4 (15. Qe3 $16) 15... Bg7 (15... c4 $1 $11 16. Qe3 Bc7) 16. Qe3 $14 Qc7 17. e5 {[%cal Od5d6] [#] Black must now prevent d6!} Rb8 18. Rfe1 {White is more active.} Rd8 (18... Bf5 $11 {was preferrable.}) 19. a4 $16 {Threatens to win with axb5.} a6 20. axb5 axb5 21. c4 {aiming for Ba5.} b4 22. Bc1 Bf5 {[#]} (22... Qb6 $14) 23. Bb2 ({Better is} 23. Ra6 $1 $16) 23... Qb6 $1 $14 24. Qb3 Ra8 25. h3 h5 26. Kh2 Bh6 27. Rxa8 (27. Qf3 $14) 27... Rxa8 $11 28. d6 Rd8 (28... Ra7 $11 {might be stronger.}) 29. Bd5 $14 exd6 $2 {[%mdl 8192] This move loses the game for Black.} (29... Qa7 $14) 30. e6 $18 fxe6 31. Bxe6+ Bxe6 32. Rxe6 Rd7 33. Rxg6+ (33. Qd3 $142 Rg7 34. Bxg7 Bxg7 35. Qxg6 Qd8 36. Re8+ Qxe8 37. Qxe8+ Kh7 38. g4) 33... Bg7 34. Qd3 Qb7 35. f5 (35. Bxg7 $142 Rxg7 36. Rxd6) 35... Kf8 36. f6 {White mates.} ({Less strong is} 36. Rxg7 Rxg7 37. Qxd6+ Kg8 $11) 36... Bh8 37. Rh6 Bxf6 38. Bxf6 {Weighted Error Value: White=0.17 (very precise) /Black=0.82} 1-0

[Event "Turkish Women-ch Arzum 2022"]
[Site "Ayvalik"]
[Date "2022.03.09"]
[Round "7.10"]
[White "Catal, Uktenur"]
[Black "Kipik, Feyza"]
[Result "1-0"]
[WhiteElo "1832"]
[BlackElo "1603"]
[Annotator "NA"]
[PlyCount "89"]
[EventDate "2022.03.04"]
[EventType "swiss"]
[EventCountry "TUR"]
[SourceTitle "playchess.com"]
[Source "ChessBase"]
[SourceQuality "1"]
[TimeControl "5400+30"]

{[%evp 8,88,22,12,32767,31,43,11,16,20,20,11,47,31,64,78,98,104,134,134,133,129,150,125,187,116,155,159,32767,211,199,208,215,32767,141,98,383,397,406,446,583,608,600,629,664,672,720,723,758,32767,32767,782,742,684,32767,773,32767,32767,32767,32767,32767,32767,32767,32767,32767,32767,32767,32767,1125,1323,32767,32767,32767,32767,32767,32767,32767,32767,32767,32767,4069,5539,29990]} 1. Nf3 {[%emt 0:01:00]} c5 {[%emt 0:03:00]} 2. c4 {[%emt 0:00:30]} Nc6 {[%emt 0:00:30]} 3. d4 {[%emt 0:00:00]} cxd4 {[%emt 0:00:30]} 4. Nxd4 {[%emt 0:00:00]} Nf6 {[%emt 0:01:30]} 5. g3 {[%emt 0:00:00]} e6 {[%emt 0:03:30]} 6. Bg2 {[%emt 0:13:00]} Bb4+ {[%emt 0:18:30]} 7. Bd2 {[%emt 0:04:30]} Qb6 {[%emt 0:03:30] was the old line (7...Be7).} 8. Nb3 {[%emt 0:01:30]} Ne5 {[%emt 0:08:30]} 9. Qc2 {[%emt 0:04:30]} d6 {[%emt 0:05:30]} 10. O-O {[%emt 0:00:30] [#]} Bd7 $146 {[%emt 0:00:30] [#]} ({Predecessor:} 10... Bxd2 $11 {should be considered.} 11. N1xd2 O-O 12. Rac1 Qc7 13. c5 d5 14. e4 dxe4 15. Nxe4 Nxe4 16. Qxe4 Rb8 {½-½ (30) Gelfand,B (2736)-Korotylev,A (2600) Moscow 2007}) 11. Be3 $1 {[%emt 0:02:30]} Qc7 {[%emt 0:02:30]} 12. a3 {[%emt 0:01:30]} Ba5 {[%emt 0:01:30]} 13. Nxa5 {[%emt 0:00:30]} Qxa5 {[%emt 0:00:00]} 14. Bxb7 {[%emt 0:03:30]} Rb8 {[%emt 0:01:00]} 15. Bg2 {[%emt 0:00:30]} Ba4 {[%emt 0:02:30]} (15... Qc7 $16) 16. Qc1 {[%emt 0:03:30]} ({White should play} 16. Qc3 $18 Qxc3 17. Nxc3) 16... O-O {[%emt 0:00:30]} 17. b4 {[%emt 0:01:30]} Qa6 {[%emt 0:02:30] [#]} 18. b5 $1 {[%emt 0:06:30]} Qa5 {[%emt 0:01:30]} 19. Qc3 {[%emt 0:01:30]} Qc7 {[%emt 0:05:30]} 20. Rc1 {[%emt 0:00:30]} Neg4 {[%emt 0:05:30]} 21. Bd2 {[%emt 0:13:30]} ({Better is} 21. Nd2 $18) 21... a6 $2 {[%emt 0:01:30]} (21... Qc5 $16) 22. h3 {[%emt 0:03:30]} Ne5 {[%emt 0:01:30]} 23. Qb4 {[%emt 0:00:30]} axb5 {[%emt 0:07:30]} 24. cxb5 {[%emt 0:00:30]} Qd7 {[%emt 0:02:30]} 25. Qxa4 {[%emt 0:00:30]} Nd5 {[%emt 0:00:30]} 26. Nc3 {[%emt 0:01:30]} Nb6 {[%emt 0:01:30]} 27. Qd4 {[%emt 0:00:30]} Nec4 {[%emt 0:01:13]} 28. Bc6 {[%emt 0:02:30]} e5 {[%emt 0:00:56]} 29. Qh4 {[%emt 0:00:00]} Qe6 {[%emt 0:01:54]} 30. Be1 {[%emt 0:01:00]} f5 {[%emt 0:01:13] [#]} 31. Bd5 $1 {[%emt 0:01:30]} Nxd5 {[%emt 0:00:30]} 32. Qxc4 {[%emt 0:00:00]} Nf4 {[%emt 0:00:37]} 33. Qxe6+ {[%emt 0:00:00]} Nxe6 {[%emt 0:00:30]} 34. e3 {[%emt 0:00:30]} f4 {[%emt 0:00:48]} 35. a4 {[%emt 0:00:30]} fxe3 {[%emt 0:01:01]} 36. fxe3 {[%emt 0:02:30]} Rf3 {[%emt 0:00:10]} 37. Nd5 {[%emt 0:02:30]} Rbf8 {[%emt 0:01:32]} 38. Kg2 {[%emt 0:00:00]} Nc5 {[%emt 0:00:47]} 39. Rxc5 {[%emt 0:01:00]} dxc5 {[%emt 0:00:06]} 40. a5 {[%emt 0:00:00]} R3f7 {[%emt 0:01:23]} 41. a6 {[%emt 0:00:00]} Rd8 {[%emt 0:00:24]} 42. a7 {[%emt 0:01:30]} Ra8 {[%emt 0:01:06]} 43. b6 {[%emt 0:00:00]} Rd7 {[%emt 0:00:15]} 44. Nc7 {[%emt 0:00:00]} Rxc7 {[%emt 0:00:20]} 45. bxc7 {[%emt 0:00:00]} 1-0

[Event "Turkish Women-ch Arzum 2022"]
[Site "Ayvalik"]
[Date "2022.03.09"]
[Round "7.11"]
[White "Can, Isil"]
[Black "Zengin, Ovgu"]
[Result "1-0"]
[WhiteElo "1875"]
[BlackElo "1475"]
[Annotator "NA RC"]
[PlyCount "70"]
[EventDate "2022.03.04"]
[EventType "swiss"]
[EventCountry "TUR"]
[SourceTitle "playchess.com"]
[Source "ChessBase"]
[SourceQuality "1"]
[TimeControl "5400+30"]

1. e4 c5 2. Nf3 e6 3. d4 cxd4 4. Nxd4 a6 5. Nc3 Qc7 6. a3 Nf6 7. Be3 b5 8. Bd3 Bb7 9. f3 {[%emt 0:04:00]} d5 {[%emt 0:08:00]} 10. exd5 {[%emt 0:02:30]} Nxd5 {[%emt 0:02:30]} 11. Nxd5 {[%emt 0:00:30]} Bxd5 {[%emt 0:01:30]} 12. O-O {[%emt 0:00:30]} Bd6 {[%emt 0:00:30]} 13. h3 {[%emt 0:00:30]} Nd7 {[%emt 0:02:30]} 14. Kh1 {[%emt 0:04:30]} Nf6 {[%emt 0:01:30]} 15. Bxb5+ {[%emt 0:08:30]} Ke7 {[%emt 0:11:30]} 16. Bd3 {[%emt 0:04:30]} Nh5 {[%emt 0:04:30]} 17. Ne2 {[%emt 0:01:30]} Be5 {[%emt 0:08:30]} 18. c4 {[%emt 0:06:30]} Bb7 {[%emt 0:04:30]} 19. Qc2 {[%emt 0:03:30]} Rhb8 {[%emt 0:05:30]} 20. Rab1 {[%emt 0:01:30]} Nf6 {[%emt 0:10:30]} 21. f4 {[%emt 0:15:30]} Qc6 {[%emt 0:01:30]} 22. Rg1 {[%emt 0:00:30]} Bc7 {[%emt 0:02:30]} 23. Nd4 {[%emt 0:00:30]} Qd7 {[%emt 0:01:30]} 24. Rgf1 {[%emt 0:02:30]} g6 {[%emt 0:09:30]} 25. Rbd1 {[%emt 0:09:30]} Qc8 {[%emt 0:03:30]} 26. f5 {[%emt 0:04:30]} e5 {[%emt 0:03:30]} 27. Bg5 {[%emt 0:03:30]} exd4 {[%emt 0:07:10]} 28. Rde1+ {[%emt 0:01:30]} Kf8 {[%emt 0:01:11]} 29. Bxf6 {[%emt 0:02:30]} Qd7 {[%emt 0:01:35]} 30. Qd2 {[%emt 0:00:30]} Kg8 {[%emt 0:01:26]} 31. Qh6 {[%emt 0:01:30]} Bxg2+ {[%emt 0:00:47]} 32. Kg1 {[%emt 0:00:30]} Bh2+ {[%emt 0:00:59]} 33. Kxh2 {[%emt 0:00:00]} Qd6+ {[%emt 0:00:28]} 34. Be5 {[%emt 0:00:00]} Qf8 {[%emt 0:01:04]} 35. Qxf8+ {[%emt 0:00:30]} Kxf8 {[%emt 0:00:54]} 1-0